000 00670nam a2200229 a 4500
999 _c10846
_d10846
001 10846
003 BD-JhCC
005 20220606134024.0
008 190522b20112016bg |||| ||a| 000 0 ben d
020 _a9789848858547
035 _a(BD-JhCC)10846
040 _aBD-JhCC
_dBD-JhCC
041 _aben
082 _a891.443
_bTHA 2016
100 _aঠাকুর, রবীন্দ্রনাথ
245 _aচোখের বালি /
_cরবীন্দ্রনাথ ঠাকুর
260 _aঢাকা,
_bমুক্তধারা ;
_c2016.
300 _a184 p. :
_c22 cm.
650 _aBengali Novel
942 _2ddc
_cBK
_09